000 00596nam a2200193Ia 4500
008 140609s9999 xx 000 0 und d
020 _a9780071807227
050 _aHG 4661
_b.M554 2013
100 _aMinervini, Mark.
245 _aTrade like a stock market wizard :
_bhow to achieve super performance in stocks in any market /
_cMark Minervini
260 _aNew York :
_bMcGraw-Hill,
_cc2013.
300 _a331 p. :
_bill. ;
_c24 cm.
500 _aIncludes index.
521 _aBSBA
650 _aInvestment analysis.
650 _aRisk management.
942 _kFOR
_cBK
999 _c118026
_d118026